Schmidték a közép-európai mágneses viharban

Elmentve itt :
Bibliográfiai részletek
Szerző: GRENDEL Lajos
Adatforrás:Meister
Forrásdokumentuma:A Hét. -
19 sz., 1996, 11 p.
Nyelv:magyar
Kulcsszavak:politikai publicisztika
közép-európaiság
kisebbségi kérdés
Kelet-Európa
Közép-Európa
LEADER 00479nab a2200169 i 4500
001 bibPRO00006055
008 060524s1996 xx hun
040 |a Sz1 
041 |a hun 
100 1 |a GRENDEL Lajos 
245 1 0 |a Schmidték a közép-európai mágneses viharban  |c GRENDEL Lajos 
695 |a politikai publicisztika 
695 |a közép-európaiság 
695 |a kisebbségi kérdés 
695 |a Kelet-Európa 
695 |a Közép-Európa 
773 0 |t A Hét. -  |g 19 sz., 1996, 11 p.